LEADER 00946nam a2200217 4500 001 000000351344 003 CaOOAMICUS 005 20220824140757.0 008 220824s1841 it 000 u ita r 040 $aSeMil$bita 100 01$aHomerus,$d.$0(OLS)http://semarc/name/1139 245 10$aVol. 1. 264 1$aMilano :$bDalla Società Tipogr. dei Classici italiani,$c1841. 300 $aXXIII, 316 p. ;$c15 cm 773 0 $aHomerus $tIliade di Omero.$dMilano : Dalla Società Tipogr. dei Classici italiani, 1841.$g1$w()351343 850 $aSeMil 852 $aSeMil$W1$xVenegono$y1$m2ZB X 40 FA$j234021$B242408$CSeMilBibl$Z2$F242408 $8I 961 $aTimbro ex libris Prof. E. Riva (Milano) sul front. e nota ms. nei preliminari 996 $6245$aVol. 1$9(OLS)http://semarc/title/13429 996 $6264$aMilano :$bDalla Società Tipogr. dei Classici italiani$9(OLS)http://semarc/publisher/51259 LEADER 01118nam a2200253 i 4500 001 000000061201 003 CaOOAMICUS 005 20140522000000.0 008 140522s1960 xx u000 u fre u 013 $a32373 040 $aSeMil$bita 100 1 $aFrisque, Jean.$0(OLS)http://semarc/name/10727 245 10$aOscar Cullmann :$bune théologie de l'histoire du salut /$cPar Jean Frisque de la Société des Auxiliaires des Missions. 260 $a[s.l.] :$bCasterman,$ccopyr. 1960. 300 $a279 p. ;$c22 cm. 490 0 $aCahiers de l'actualité religieuse ;$v11 500 $aContiene : Bibliographie ; Notice biographique. 600 14$aCullmann, Oscar <1902-1999>.$0(OLS)http://semarc/subject/9581 830 0$aCahiers de l'actualité religieuse ;$v11.$0(OLS)http://semarc/title/18301 850 $aSeMil 852 $aSeMil$W1$xVenegono$y1$m2K III 218$j27354$B27354$CSeMilBibl$Z2$F27357 $81 961 $aOmaggio: Donazione 996 $6245$aOscar Cullmann :$bune théologie de l'histoire du salut$9(OLS)http://semarc/title/96122 996 $6260$a[s.l.] :$bCasterman$9(OLS)http://semarc/publisher/33092